| 000 | 02309 a2200313 4500 | ||
|---|---|---|---|
| 003 | BJBSDDR | ||
| 005 | 20260413134229.0 | ||
| 007 | ta | ||
| 008 | 250827s2019 po 00| 0 spa d | ||
| 020 | _a9789897126307 | ||
| 020 | _a9897126309 | ||
| 040 |
_bspa _cBJBSDDR |
||
| 041 |
_aspa _aeng _apor |
||
| 050 | 1 | 4 |
_aK 564 _bN964 2019 |
| 245 | 0 | 0 |
_aNuevas tecnologías y derecho : _bRetos y oportunidades planteados por la Inteligencia Artificial y la Robótica = New technologies and law : challenges and opportunities posed by Artificial Intelligence and Robotics = Novas tecnologias e direito : desafios e oportunidades colocados pela Inteligencia Artificial e Robótica / _cMa. Yolanda Sánchez-Urán Azaña, Ma. Amparo Grau Ruiz, directoras ; Bruno César Lorencini, José Carlos Francisco, coordinadores ; autores: Moisés Barrio Andrés... [y otros 14]. |
| 246 | 3 |
_aNew technologies and law : _bchallenges and opportunities posed by Artificial Intelligence and Robotics |
|
| 246 | 3 |
_aNovas tecnologias e direito : _bdesafios e oportunidades colocados pela Inteligencia Artificial e Robótica |
|
| 260 |
_aPorto : _bJuruá Editorial, _c2019. |
||
| 300 |
_a281 páginas ; _c21 cm. |
||
| 520 | _aLos temas abordados en este estudio se aglutinan en diferentes capítulos en los que, sucesivamente, se tratan, entre otros, la Relación Robótica-Derecho, como cuestión preliminar para fijar los rasgos y puntos de partica; Nuevas Tecnologías, Robótica y Fiscalidad; Economía Digital, Trabajo y Protección Social; Protección de Datos y Ciberdelincuencia; y Robotización, IA y Poder Judicial. Se cierra con un epílogo sobre balance y prospectiva, en el que se reflexiona sobre la adaptación del mercado de trabajo y de la fiscalidad ante los retos jurídicos, económicos, éticos y sociales plateados por la robótica y por la IA. | ||
| 650 | 4 |
_aRobótica _xLegislación _947890 |
|
| 650 | 4 |
_aAutomatización _xLegislación _947891 |
|
| 700 | 1 |
_aSánchez-Urán Azaña, Ma. Yolanda _q(Maria Yolanda), _d1964- _944611 _edirectora |
|
| 700 | 1 |
_aGrau Ruiz, Ma. Amparo _q(María Amparo), _d1971- _944612 _edirectora |
|
| 700 | 1 |
_aLorencini, Bruno César, _d1980- _947892 _ecoordinador |
|
| 700 | 1 |
_aFrancisco, José Carlos, _d1965- _947893 _ecoordinador |
|
| 942 |
_2lcc _cBK |
||
| 946 | _irmza | ||
| 999 |
_c124958 _d124958 |
||